Computer Models for Management Science /

Na minha lista:
Detalhes bibliográficos
Main Authors: Erikson, Warren J (Author), Hall, Owen P (Author)
Formato: Livro
Idioma:inglês
Publicado em: New York : Addison-Wesley Publishing Company, 1989
Edição:3.Ed.
Assuntos:
Tags: Adicionar Tag
Sem tags, seja o primeiro a adicionar uma tag!

MARC

LEADER 00000nam a22000003a 4500
001 stu35962
005 20150617225702.2
008 920519s1989----xxu-----------------eng-d
040 |a STU  |b slo 
041 0 |a eng 
044 |a xxu 
080 |a 681.5.015 
080 |a 65.012.43  |7 stu_us_auth*stu3366 
100 1 |a Erikson, Warren J  |4 aut 
245 1 |a Computer Models for Management Science /  |c [aut.]Warren J. Erikson, Owen P. Hall 
250 |a 3.Ed. 
260 |a New York :  |b Addison-Wesley Publishing Company,  |c 1989 
300 |a 263 s :  |b 1 príl 
650 7 |a modelovanie počítačové  |2 stusub 
650 7 |a riadenie  |2 stusub 
700 1 |a Hall, Owen P  |4 aut 
996 |b 284M062666  |c M*7048-1  |l MMKN  |s A  |a 24  |w stu35962_0001